Born in Aarhus - Statistics

General Stats
  • This quiz has been taken 14 times
    7 since last reset
  • The average score is 4 of 7
Answer Stats
Hint Answer % Correct
Prime Minister of Denmark from 1955 to 1960 1906 H.C. Hansen
100%
Handball goalkeeper who plays for Barcelona and the Danish national team 1997 Emil Nielsen
67%
Director and Academy Award winner for the Best Foreign Language Film "Babette's Feast" 1918 Gabriel Axel
67%
Prime Minister of Denmark from 1947 to 1950 and again from 1953 to 1955 1903 Hans Hedtoft
50%
Astronomer who made the first quantitative measurements of the speed of light 1644 Ole Rømer
50%
Computer scientist and developer of the C++ programming language 1950 Bjarne Stroustrup
33%
CEO of Adidas from 2016 until 2022 1962 Kasper Rørsted
33%
No matching quizzes found
Score Distribution
Percent of People with Each Score
Percentile by Number Answered
Your Score History
You have not taken this quiz since the last reset